PEDIATRIC CLINICAL METHODS (Record no. 14963)

MARC details
000 -LEADER
fixed length control field 00343nam a22001577a 4500
003 - CONTROL NUMBER IDENTIFIER
control field SGT
020 ## - INTERNATIONAL STANDARD BOOK NUMBER
International Standard Book Number 978-81-239-2647-6
082 ## - DEWEY DECIMAL CLASSIFICATION NUMBER
Classification number 618.92
Item number P16S
100 ## - MAIN ENTRY--PERSONAL NAME
Personal name SINGH,MEHARBAN
245 ## - TITLE STATEMENT
Title PEDIATRIC CLINICAL METHODS
250 ## - EDITION STATEMENT
Edition statement 5TH
260 ## - PUBLICATION, DISTRIBUTION, ETC. (IMPRINT)
Place of publication, distribution, etc NEW DELHI
Name of publisher, distributor, etc C.B.S PUB
Year of Publication 2016
300 ## - PAGE DESCRIPTION
No. of Pages 375
650 ## - SUBJECT ADDED ENTRY--TOPICAL TERM
Topical term or geographic name as entry element AYURVEDA
942 ## - ADDED ENTRY ELEMENTS (KOHA)
Source of classification or shelving scheme Dewey Decimal Classification
Koha item type Books
942 ## - ADDED ENTRY ELEMENTS (KOHA)
-- 6
Holdings
Withdrawn status Lost status Source of classification or shelving scheme Damaged status Not for loan Collection code Home library Current library Shelving location Date acquired Vendor Name Cost, normal purchase price SGTU Bill Number Total Checkouts Full call number Accession No. (Barcode) Date last seen Date last borrowed Bill Date Koha item type
    Dewey Decimal Classification     AYURVEDA SGT FA-FP Library SGT FA-FP Library Text Book 31/01/2018 AHUJA PUB 595.00 SGTU 9136 4 618.92 P16S FA8153 09/02/2021 13/01/2021 04/01/2018 Books
    Dewey Decimal Classification     AYURVEDA SGT FA-FP Library SGT FA-FP Library Text Book 31/01/2018 AHUJA PUB 595.00 SGTU 9136 3 618.92 P16S FA8154 18/01/2021 24/12/2020 04/01/2018 Books
    Dewey Decimal Classification     AYURVEDA SGT FA-FP Library SGT FA-FP Library Text Book 31/01/2018 AHUJA PUB 595.00 SGTU 9136 2 618.92 P16S FA8155 22/01/2021 24/12/2020 04/01/2018 Books
    Dewey Decimal Classification     AYURVEDA SGT FA-FP Library SGT FA-FP Library Text Book 31/01/2018 AHUJA PUB 595.00 SGTU 9136 4 618.92 P16S FA8156 04/02/2021 18/01/2021 04/01/2018 Books
    Dewey Decimal Classification     AYURVEDA SGT FA-FP Library SGT FA-FP Library Text Book 31/01/2018 AHUJA PUB 595.00 SGTU 9136 7 618.92 P16S FA8157 14/07/2021 31/03/2021 04/01/2018 Books
    Dewey Decimal Classification     AYURVEDA SGT FA-FP Library SGT FA-FP Library Text Book 31/01/2018 AHUJA PUB 595.00 SGTU 9136 8 618.92 P16S FA8158 14/07/2021 31/03/2021 04/01/2018 Books
    Dewey Decimal Classification     AYURVEDA SGT FA-FP Library SGT FA-FP Library Text Book 31/01/2018 AHUJA PUB 595.00 SGTU 9136 3 618.92 P16S FA8159 18/06/2025 05/06/2025 04/01/2018 Books
    Dewey Decimal Classification     AYURVEDA SGT FA-FP Library SGT FA-FP Library Text Book 31/01/2018 AHUJA PUB 595.00 SGTU 9136 4 618.92 P16S FA8160 16/01/2021 24/12/2020 04/01/2018 Books
    Dewey Decimal Classification     AYURVEDA SGT FA-FP Library SGT FA-FP Library Text Book 31/01/2018 AHUJA PUB 595.00 SGTU 9136 10 618.92 P16S FA8161 18/10/2023 04/10/2023 04/01/2018 Books
    Dewey Decimal Classification     AYURVEDA SGT FA-FP Library SGT FA-FP Library Text Book 31/01/2018 AHUJA PUB 595.00 SGTU 9136 8 618.92 P16S FA8162 24/08/2023 10/08/2023 04/01/2018 Books